[Event "DVM U14 2023"]
[Site "Magdeburg GER"]
[Date "2023.12.27"]
[Round "2"]
[White "Alugili, Yosef"]
[Black "Marschall, Julian"]
[Result "1-0"]
[Termination "normal"]
[Board "8.4"]
[WhiteElo "1475"]
[BlackElo "1324"]
[WhiteClock "00:51:55"]
[BlackClock "00:08:18"]
[WhiteTeam "Düsseldorfer SK 14/25"]
[BlackTeam "SC Viernheim 1934"]
[PlyCount "65"]
[WhiteFideId "34635963"]
[BlackFideId "34608001"]
[EventCountry "GER"]
[EventRounds "7"]
[EventType "team-swiss"]
[EventDate "2023.12.26"]

1. e4 {[%clk 01:31:00]} e5 {[%clk 01:30:50]} {[%emt 00:00:10]} 2. Nf3 {[%clk
01:31:26]} {[%emt 00:00:03]} Nc6 {[%clk 01:31:11]} {[%emt 00:00:09]} 3. Bb5
{[%clk 01:31:53]} {[%emt 00:00:03]} a6 {[%clk 01:31:19]} {[%emt 00:00:22]} 4.
Ba4 {[%clk 01:32:18]} {[%emt 00:00:05]} d6 {[%clk 01:31:14]} {[%emt 00:00:36]}
5. O-O {[%clk 01:32:39]} {[%emt 00:00:08]} Bd7 {[%clk 01:31:09]} {[%emt
00:00:35]} 6. c3 {[%clk 01:32:48]} {[%emt 00:00:21]} Nf6 {[%clk 01:31:13]}
{[%emt 00:00:26]} 7. Re1 {[%clk 01:32:50]} {[%emt 00:00:28]} g6 {[%clk
01:30:08]} {[%emt 00:01:35]} 8. d4 {[%clk 01:32:56]} {[%emt 00:00:25]} b5
{[%clk 01:29:35]} {[%emt 00:01:03]} 9. Bb3 {[%clk 01:32:10]} {[%emt 00:01:17]}
Bg7 {[%clk 01:29:25]} {[%emt 00:00:38]} 10. Bd5 {[%clk 01:31:48]} {[%emt
00:00:53]} Qe7 {[%clk 01:23:32]} {[%emt 00:06:22]} 11. Bg5 {[%clk 01:30:57]}
{[%emt 00:01:21]} O-O {[%clk 01:23:20]} {[%emt 00:00:42]} 12. Nbd2 {[%clk
01:26:26]} {[%emt 00:05:00]} Rab8 {[%clk 01:18:12]} {[%emt 00:05:38]} 13. Qc2
{[%clk 01:19:40]} {[%emt 00:07:15]} Qe8 {[%clk 01:11:13]} {[%emt 00:07:31]} 14.
Bb3 {[%clk 01:14:25]} {[%emt 00:05:45]} Na5 {[%clk 01:02:26]} {[%emt 00:09:16]}
15. d5 {[%clk 01:13:43]} {[%emt 00:01:13]} Nxb3 {[%clk 01:01:40]} {[%emt
00:01:15]} 16. Nxb3 {[%clk 01:13:56]} {[%emt 00:00:18]} c6 {[%clk 00:59:54]}
{[%emt 00:02:15]} 17. Rad1 {[%clk 01:09:11]} {[%emt 00:05:15]} cxd5 {[%clk
00:55:54]} {[%emt 00:04:32]} 18. Bxf6 {[%clk 01:06:32]} {[%emt 00:03:08]} Bxf6
{[%clk 00:56:05]} {[%emt 00:00:18]} 19. Rxd5 {[%clk 01:06:56]} {[%emt
00:00:06]} Qe6 {[%clk 00:54:03]} {[%emt 00:02:32]} 20. Red1 {[%clk 01:05:16]}
{[%emt 00:02:11]} Rb6 {[%clk 00:53:44]} {[%emt 00:00:49]} 21. Qd3 {[%clk
01:04:37]} {[%emt 00:01:08]} Be7 {[%clk 00:52:24]} {[%emt 00:01:51]} 22. Nc5
{[%clk 01:01:17]} {[%emt 00:03:51]} dxc5 {[%clk 00:50:11]} {[%emt 00:02:42]}
23. Rxd7 {[%clk 01:01:36]} {[%emt 00:00:12]} Rbb8 {[%clk 00:43:18]} {[%emt
00:07:23]} 24. Qd5 {[%clk 01:01:32]} {[%emt 00:00:33]} Qxd5 {[%clk 00:39:24]}
{[%emt 00:04:24]} 25. R1xd5 {[%clk 01:01:42]} Bf6 {[%clk 00:37:14]} {[%emt
00:03:00]} 26. Nxe5 {[%clk 01:00:23]} {[%emt 00:01:50]} Rbe8 {[%clk 00:34:43]}
{[%emt 00:03:01]} 27. Ng4 {[%clk 00:59:23]} {[%emt 00:01:26]} Bg7 {[%clk
00:28:54]} {[%emt 00:06:23]} 28. f3 {[%clk 00:59:21]} {[%emt 00:00:33]} f5
{[%clk 00:23:07]} {[%emt 00:06:17]} 29. exf5 {[%clk 00:57:58]} {[%emt
00:01:52]} h5 {[%clk 00:19:26]} {[%emt 00:04:11]} 30. f6 {[%clk 00:53:15]}
{[%emt 00:05:13]} hxg4 {[%clk 00:10:03]} {[%emt 00:09:52]} 31. Rxg7+ {[%clk
00:51:55]} {[%emt 00:01:51]} Kh8 {[%clk 00:09:40]} {[%emt 00:00:53]} 32. Rxg6
{[%clk 00:52:05]} {[%emt 00:00:20]} Re6 {[%clk 00:08:18]} {[%emt 00:01:52]} 33.
Rh5# {[%clk 00:51:55]} {[%emt 00:00:09]} 1-0

[Event "DVM U14 2023"]
[Site "Magdeburg GER"]
[Date "2023.12.27"]
[Round "2"]
[White "Beberhold, Otto Richard"]
[Black "Weber, Nikita"]
[Result "0-1"]
[Termination "normal"]
[Board "9.1"]
[WhiteElo "1447"]
[BlackElo "1893"]
[WhiteClock "01:04:30"]
[BlackClock "01:02:59"]
[WhiteTeam "SSV Vimaria 91 Weimar"]
[BlackTeam "Vorwärts Orient Mainz"]
[PlyCount "40"]
[WhiteFideId "34617248"]
[BlackFideId "34608770"]
[EventCountry "GER"]
[EventRounds "7"]
[EventType "team-swiss"]
[EventDate "2023.12.26"]

1. d4 {[%clk 01:30:57]} {[%emt 00:00:03]} d5 {[%clk 01:30:39]} {[%emt
00:00:21]} 2. Nf3 {[%clk 01:31:22]} {[%emt 00:00:05]} Nf6 {[%emt 00:00:12]} 3.
e3 {[%clk 01:31:47]} {[%emt 00:00:04]} c5 {[%clk 01:30:39]} 4. c4 {[%clk
01:31:02]} {[%emt 00:02:04]} e6 {[%clk 01:27:50]} 5. Bd3 {[%clk 01:30:45]}
{[%emt 00:04:05]} Nc6 {[%clk 01:26:58]} 6. O-O {[%clk 01:30:41]} {[%emt
00:01:56]} Be7 {[%clk 01:25:51]} 7. b3 {[%clk 01:27:10]} {[%emt 00:05:39]} O-O
{[%emt 00:02:15]} 8. cxd5 {[%clk 01:26:53]} {[%emt 00:00:21]} exd5 {[%clk
01:24:28]} 9. Bb2 {[%clk 01:25:49]} {[%emt 00:02:07]} Bg4 {[%clk 01:24:05]} 10.
dxc5 {[%clk 01:25:21]} {[%emt 00:01:52]} Bxc5 {[%clk 01:22:41]} 11. Nbd2 {[%clk
01:23:42]} {[%emt 00:04:01]} d4 {[%emt 00:06:40]} 12. e4 {[%clk 01:20:04]}
{[%emt 00:01:22]} Bb4 {[%clk 01:13:21]} 13. Qc2 {[%clk 01:16:41]} {[%emt
00:10:21]} Rc8 {[%clk 01:11:57]} 14. Qb1 {[%clk 01:13:40]} {[%emt 00:05:25]}
Nd7 {[%emt 00:05:14]} 15. a3 {[%clk 01:11:19]} {[%emt 00:02:40]} Bc3 {[%clk
01:07:28]} {[%emt 00:00:26]} 16. Rc1 {[%clk 01:09:28]} {[%emt 00:02:21]} Nce5
{[%clk 01:05:06]} {[%emt 00:02:52]} 17. Nxe5 {[%clk 01:04:27]} {[%emt
00:05:31]} Nxe5 {[%clk 01:05:34]} {[%emt 00:00:02]} 18. Nc4 {[%clk 01:04:33]}
{[%emt 00:00:24]} Nxd3 19. Qxd3 {[%clk 01:04:30]} Rxc4 {[%clk 01:02:39]} {[%emt
00:02:09]} 20. Bxc3 {[%emt 00:05:20]} Rxc3 {[%clk 01:02:59]} {[%emt 00:00:07]}
0-1

[Event "DVM U14 2023"]
[Site "Magdeburg GER"]
[Date "2023.12.27"]
[Round "2"]
[White "Mohammadzadeh, Daris"]
[Black "Bock, Leonas"]
[Result "1/2-1/2"]
[Termination "normal"]
[Board "9.2"]
[WhiteElo "1800"]
[BlackElo "1302"]
[WhiteClock "00:01:30"]
[BlackClock "00:27:49"]
[WhiteTeam "Vorwärts Orient Mainz"]
[BlackTeam "SSV Vimaria 91 Weimar"]
[PlyCount "133"]
[WhiteFideId "34604359"]
[BlackFideId "16287118"]
[EventCountry "GER"]
[EventRounds "7"]
[EventType "team-swiss"]
[EventDate "2023.12.26"]

1. e4 {[%clk 01:30:57]} {[%emt 00:00:02]} c5 {[%clk 01:30:54]} {[%emt
00:00:06]} 2. Nc3 {[%clk 01:31:19]} {[%emt 00:00:08]} Nc6 {[%clk 01:31:13]}
{[%emt 00:00:11]} 3. Bb5 {[%clk 01:31:38]} {[%emt 00:00:11]} e6 {[%clk
01:31:28]} {[%emt 00:00:14]} 4. Nf3 {[%clk 01:23:11]} {[%emt 00:08:56]} Nge7
{[%clk 01:30:00]} {[%emt 00:01:58]} 5. d4 {[%clk 01:17:27]} {[%emt 00:06:16]}
cxd4 {[%clk 01:27:11]} {[%emt 00:03:19]} 6. Nxd4 {[%clk 01:17:53]} {[%emt
00:00:03]} a6 {[%clk 01:24:54]} {[%emt 00:02:47]} 7. Bxc6 {[%clk 01:10:36]}
{[%emt 00:07:47]} Nxc6 {[%clk 01:24:40]} {[%emt 00:00:43]} 8. Nxc6 {[%clk
01:03:07]} {[%emt 00:08:00]} bxc6 {[%clk 01:21:02]} {[%emt 00:04:07]} 9. e5
{[%clk 01:01:52]} {[%emt 00:01:46]} Bb7 {[%clk 01:18:11]} {[%emt 00:03:21]} 10.
O-O {[%clk 00:59:44]} {[%emt 00:02:38]} c5 {[%clk 01:17:57]} {[%emt 00:00:43]}
11. Bf4 {[%clk 00:54:47]} {[%emt 00:05:28]} Qc7 {[%clk 01:15:55]} {[%emt
00:02:31]} 12. Re1 {[%clk 00:52:17]} {[%emt 00:03:00]} Rd8 {[%clk 01:13:10]}
{[%emt 00:03:15]} 13. Qg4 {[%clk 00:30:43]} {[%emt 00:22:05]} h5 {[%clk
01:08:53]} {[%emt 00:04:46]} 14. Qg5 {[%clk 00:25:23]} {[%emt 00:05:51]} Rh7
{[%clk 01:02:07]} {[%emt 00:07:15]} 15. h4 {[%clk 00:20:46]} {[%emt 00:05:07]}
d5 {[%clk 00:56:21]} {[%emt 00:06:16]} 16. exd6 {[%clk 00:20:04]} {[%emt
00:01:13]} Bxd6 {[%clk 00:56:37]} {[%emt 00:00:13]} 17. Bxd6 {[%clk 00:18:39]}
{[%emt 00:01:56]} Rxd6 {[%clk 00:56:06]} {[%emt 00:01:01]} 18. Ne4 {[%clk
00:16:13]} {[%emt 00:02:56]} Bxe4 {[%clk 00:50:29]} {[%emt 00:06:06]} 19. Rxe4
{[%clk 00:16:36]} {[%emt 00:00:08]} Qc6 {[%clk 00:48:16]} {[%emt 00:02:43]} 20.
Rae1 {[%clk 00:14:04]} {[%emt 00:03:02]} Rd5 {[%clk 00:45:56]} {[%emt
00:02:50]} 21. Rxe6+ {[%clk 00:12:37]} {[%emt 00:01:58]} fxe6 {[%clk 00:45:22]}
{[%emt 00:01:04]} 22. Qg6+ {[%clk 00:13:00]} {[%emt 00:00:07]} Kf8 {[%clk
00:42:28]} {[%emt 00:03:24]} 23. Qxh7 {[%clk 00:12:55]} {[%emt 00:00:35]} Kf7
{[%clk 00:42:20]} {[%emt 00:00:38]} 24. Qe4 {[%clk 00:11:46]} {[%emt 00:01:39]}
Qd6 {[%clk 00:42:01]} {[%emt 00:00:50]} 25. Qf3+ {[%clk 00:07:51]} {[%emt
00:04:25]} Rf5 {[%clk 00:41:00]} {[%emt 00:01:30]} 26. Rd1 {[%clk 00:06:33]}
{[%emt 00:01:49]} Qe5 {[%clk 00:39:29]} {[%emt 00:02:00]} 27. Qb7+ {[%clk
00:04:30]} {[%emt 00:02:33]} Kf6 {[%clk 00:39:46]} {[%emt 00:00:13]} 28. Qxa6
{[%clk 00:02:50]} {[%emt 00:02:11]} Qxb2 {[%clk 00:40:06]} {[%emt 00:00:09]}
29. Qc4 {[%clk 00:00:40]} {[%emt 00:02:40]} Qe5 {[%clk 00:39:49]} {[%emt
00:00:46]} 30. g3 {[%clk 00:00:44]} {[%emt 00:00:26]} Rf3 {[%clk 00:39:05]}
{[%emt 00:01:13]} 31. Kg2 {[%clk 00:00:34]} {[%emt 00:00:41]} Rc3 {[%clk
00:38:25]} {[%emt 00:01:09]} 32. Qf4+ {[%clk 00:00:33]} {[%emt 00:00:33]} Qxf4
{[%clk 00:38:32]} {[%emt 00:00:22]} 33. gxf4 {[%emt 00:00:04]} Rxc2 {[%clk
00:38:49]} {[%emt 00:00:11]} 34. Ra1 {[%clk 00:01:08]} {[%emt 00:00:24]} Kf5
{[%clk 00:37:23]} {[%emt 00:01:56]} 35. a4 {[%clk 00:00:35]} {[%emt 00:01:03]}
Kxf4 {[%clk 00:35:36]} {[%emt 00:02:16]} 36. a5 {[%clk 00:00:38]} {[%emt
00:00:28]} Rd2 {[%clk 00:35:50]} {[%emt 00:00:16]} 37. a6 {[%clk 00:00:31]}
{[%emt 00:00:37]} Rd8 {[%clk 00:36:06]} {[%emt 00:00:14]} 38. Ra5 {[%clk
00:00:33]} {[%emt 00:00:29]} Ra8 {[%clk 00:32:11]} {[%emt 00:04:24]} 39. f3
{[%clk 00:00:32]} {[%emt 00:00:31]} g6 {[%clk 00:31:58]} {[%emt 00:00:43]} 40.
Kf2 {[%clk 00:00:34]} {[%emt 00:00:29]} c4 {[%clk 00:28:15]} {[%emt 00:04:12]}
41. Ra4 {[%clk 00:18:14]} {[%emt 00:12:50]} Kf5 {[%clk 00:58:19]} {[%emt
00:00:26]} 42. Ke3 {[%clk 00:14:55]} {[%emt 00:03:50]} e5 {[%clk 00:56:23]}
{[%emt 00:02:26]} 43. Ra5 {[%clk 00:07:58]} {[%emt 00:07:28]} Ra7 {[%clk
00:54:20]} {[%emt 00:02:31]} 44. Ra4 {[%clk 00:07:23]} {[%emt 00:01:07]} Ra8
{[%clk 00:43:31]} {[%emt 00:11:19]} 45. a7 {[%clk 00:05:59]} {[%emt 00:01:54]}
g5 {[%clk 00:41:59]} {[%emt 00:02:02]} 46. hxg5 {[%clk 00:03:51]} {[%emt
00:02:38]} Kxg5 {[%clk 00:42:20]} {[%emt 00:00:09]} 47. Ke4 {[%clk 00:03:21]}
{[%emt 00:01:00]} h4 {[%clk 00:41:13]} {[%emt 00:01:37]} 48. Kxe5 {[%clk
00:03:10]} {[%emt 00:00:42]} c3 {[%clk 00:41:33]} {[%emt 00:00:09]} 49. Rc4
{[%clk 00:00:38]} {[%emt 00:03:02]} Rxa7 {[%clk 00:38:03]} {[%emt 00:04:00]}
50. Rxc3 {[%clk 00:00:53]} {[%emt 00:00:15]} Re7+ {[%clk 00:38:27]} {[%emt
00:00:05]} 51. Kd6 {[%clk 00:00:43]} {[%emt 00:00:40]} Rf7 {[%clk 00:38:30]}
{[%emt 00:00:27]} 52. Ke6 {[%clk 00:00:33]} {[%emt 00:00:40]} Rf4 {[%clk
00:38:41]} {[%emt 00:00:19]} 53. Ke5 {[%clk 00:00:34]} {[%emt 00:00:30]} h3
{[%clk 00:39:04]} {[%emt 00:00:06]} 54. Rc8 {[%clk 00:00:40]} {[%emt 00:00:25]}
Rxf3 {[%clk 00:38:55]} {[%emt 00:00:39]} 55. Rg8 {[%clk 00:00:41]} {[%emt
00:00:29]} Kh4 {[%clk 00:39:16]} {[%emt 00:00:09]} 56. Ke4 {[%clk 00:00:34]}
{[%emt 00:00:38]} Rf1 {[%clk 00:35:44]} {[%emt 00:04:02]} 57. Rh8 {[%clk
00:00:41]} {[%emt 00:00:23]} Kg3 {[%clk 00:36:03]} {[%emt 00:00:11]} 58. Rg8+
{[%clk 00:00:35]} {[%emt 00:00:36]} Kf2 {[%clk 00:34:13]} {[%emt 00:02:20]} 59.
Rf8+ {[%clk 00:00:33]} {[%emt 00:00:33]} Ke2 {[%clk 00:28:51]} {[%emt
00:05:51]} 60. Rh8 {[%clk 00:00:35]} {[%emt 00:00:29]} Rf3 {[%clk 00:29:00]}
{[%emt 00:00:20]} 61. Ra8 {[%clk 00:00:34]} {[%emt 00:00:31]} Kf2 {[%emt
00:02:02]} 62. Ra2+ {[%clk 00:00:33]} Kg3 {[%clk 00:28:24]} {[%emt 00:00:06]}
63. Ra8 {[%clk 00:00:32]} {[%emt 00:00:31]} h2 {[%clk 00:28:15]} {[%emt
00:00:39]} 64. Rg8+ {[%clk 00:00:43]} {[%emt 00:00:17]} Kf2 {[%clk 00:28:39]}
{[%emt 00:00:07]} 65. Rh8 {[%emt 00:00:08]} Kg2 {[%clk 00:27:24]} {[%emt
00:01:42]} 66. Rxh2+ {[%clk 00:01:31]} {[%emt 00:00:07]} Kxh2 {[%clk 00:27:49]}
{[%emt 00:00:05]} 67. Kxf3 {[%clk 00:01:30]} {[%emt 00:00:02]} 1/2-1/2

[Event "DVM U14 2023"]
[Site "Magdeburg GER"]
[Date "2023.12.27"]
[Round "2"]
[White "Kalinin, Alexej"]
[Black "Weidemann, Max"]
[Result "0-1"]
[Termination "normal"]
[Board "9.3"]
[WhiteElo "1376"]
[BlackElo "1222"]
[WhiteTeam "SSV Vimaria 91 Weimar"]
[BlackTeam "Vorwärts Orient Mainz"]
[PlyCount "70"]
[WhiteFideId "34617167"]
[BlackFideId "34617000"]
[EventCountry "GER"]
[EventRounds "7"]
[EventType "team-swiss"]
[EventDate "2023.12.26"]

1. d4 {[%emt 01:03:31]} Nf6 {[%emt 00:00:05]} 2. Nf3 {[%emt 00:00:11]} g6
{[%emt 00:00:09]} 3. e3 {[%emt 00:00:12]} Bg7 {[%emt 00:00:54]} 4. Bd3 {[%emt
00:00:19]} O-O {[%emt 00:00:29]} 5. O-O {[%emt 00:00:14]} d5 {[%emt 00:01:09]}
6. b3 {[%emt 00:00:20]} c5 {[%emt 00:02:42]} 7. Bb2 {[%emt 00:00:10]} Nc6
{[%emt 00:06:47]} 8. a3 {[%emt 00:00:50]} a5 {[%emt 00:08:07]} 9. a4 {[%emt
00:08:23]} Qc7 {[%emt 00:06:08]} 10. Nbd2 {[%emt 00:03:30]} Rd8 {[%emt
00:08:35]} 11. Ne5 {[%emt 00:09:51]} Nb4 {[%emt 00:12:21]} 12. Be2 {[%emt
00:06:13]} cxd4 {[%emt 00:12:04]} 13. exd4 {[%emt 00:08:45]} Qxc2 {[%emt
00:10:21]} 14. Qxc2 {[%emt 00:00:50]} Nxc2 {[%emt 00:00:14]} 15. Rac1 {[%emt
00:00:30]} Nb4 {[%emt 00:00:08]} 16. f4 {[%emt 00:02:48]} Ne8 {[%emt 00:05:37]}
17. Ndf3 {[%emt 00:12:25]} f6 {[%emt 00:06:25]} 18. Nd3 {[%emt 00:02:34]} Nxd3
{[%emt 00:05:05]} 19. Bxd3 {[%emt 00:00:22]} Bd7 {[%emt 00:05:26]} 20. Rfe1
{[%emt 00:02:11]} Kf7 {[%emt 00:00:15]} 21. Ba3 {[%emt 00:05:35]} e6 {[%emt
00:02:13]} 22. g4 {[%emt 00:07:24]} Bf8 {[%emt 00:03:30]} 23. Bxf8 {[%emt
00:00:23]} Kxf8 {[%emt 00:00:05]} 24. Nh4 {[%emt 00:05:44]} Rdc8 {[%emt
00:02:05]} 25. f5 {[%emt 00:01:53]} exf5 {[%emt 00:00:47]} 26. gxf5 {[%emt
00:00:59]} g5 {[%emt 00:00:21]} 27. Ng2 {[%emt 00:00:57]} Nd6 {[%emt 00:00:14]}
28. Ne3 {[%emt 00:00:45]} Rxc1 {[%emt 00:00:49]} 29. Rxc1 {[%emt 00:00:20]} Bc6
{[%emt 00:00:06]} 30. Ng4 {[%emt 00:00:50]} Kf7 {[%emt 00:00:41]} 31. Re1
{[%emt 00:15:52]} Re8 {[%emt 00:01:12]} 32. Rxe8 {[%emt 00:00:13]} Nxe8 {[%emt
00:00:05]} 33. Kf2 {[%emt 00:00:33]} Nd6 {[%emt 00:00:36]} 34. Kf3 {[%emt
00:01:58]} h5 {[%emt 00:01:11]} 35. Nf2 {[%emt 00:01:02]} Bd7 {[%emt 00:00:25]}
0-1

[Event "DVM U14 2023"]
[Site "Magdeburg GER"]
[Date "2023.12.27"]
[Round "2"]
[White "Wolf, Noah"]
[Black "Berbig, Georg"]
[Result "0-1"]
[Termination "normal"]
[Board "9.4"]
[WhiteElo "1364"]
[BlackElo "1406"]
[WhiteClock "01:18:08"]
[BlackClock "00:16:16"]
[WhiteTeam "Vorwärts Orient Mainz"]
[BlackTeam "SSV Vimaria 91 Weimar"]
[PlyCount "120"]
[WhiteFideId "34616985"]
[BlackFideId "34640401"]
[EventCountry "GER"]
[EventRounds "7"]
[EventType "team-swiss"]
[EventDate "2023.12.26"]

1. e4 {[%clk 01:30:54]} {[%emt 00:00:05]} d5 {[%clk 01:30:57]} {[%emt
00:00:04]} 2. exd5 {[%clk 01:31:15]} {[%emt 00:00:09]} Qxd5 {[%clk 01:31:23]}
{[%emt 00:00:05]} 3. Nc3 {[%emt 00:00:10]} Qa5 {[%clk 01:31:49]} 4. d4 {[%clk
01:32:03]} {[%emt 00:00:06]} c6 {[%clk 01:31:57]} {[%emt 00:00:22]} 5. Bd2
{[%clk 01:32:25]} {[%emt 00:00:08]} Qc7 {[%clk 01:31:46]} {[%emt 00:00:42]} 6.
Nf3 {[%clk 01:32:43]} {[%emt 00:00:11]} Nf6 {[%clk 01:29:43]} {[%emt 00:02:33]}
7. Be2 {[%clk 01:32:14]} {[%emt 00:00:58]} Bf5 {[%clk 01:29:34]} {[%emt
00:00:40]} 8. O-O {[%clk 01:32:15]} {[%emt 00:00:29]} Nbd7 {[%clk 01:28:42]}
{[%emt 00:01:23]} 9. Bc4 {[%clk 01:28:57]} {[%emt 00:03:46]} e6 {[%clk
01:26:43]} {[%emt 00:02:31]} 10. Re1 {[%clk 01:28:57]} {[%emt 00:00:29]} Bd6
{[%clk 01:25:09]} {[%emt 00:02:05]} 11. d5 {[%clk 01:28:17]} {[%emt 00:01:09]}
cxd5 {[%clk 01:21:09]} {[%emt 00:04:30]} 12. Nb5 {[%clk 01:28:16]} {[%emt
00:00:31]} Qb8 {[%clk 01:13:40]} {[%emt 00:07:59]} 13. Nxd6+ {[%clk 01:24:44]}
{[%emt 00:04:02]} Qxd6 {[%clk 01:13:58]} {[%emt 00:00:12]} 14. Nd4 {[%clk
01:23:32]} {[%emt 00:01:42]} Bg6 {[%clk 01:06:20]} {[%emt 00:08:08]} 15. Bb5
{[%clk 01:21:34]} {[%emt 00:02:27]} a6 {[%clk 01:03:34]} {[%emt 00:03:17]} 16.
Bxd7+ {[%clk 01:21:31]} {[%emt 00:00:32]} Qxd7 {[%clk 01:03:52]} {[%emt
00:00:13]} 17. Bb4 {[%clk 01:21:26]} {[%emt 00:00:34]} a5 {[%clk 00:55:54]}
{[%emt 00:08:29]} 18. Bd2 {[%clk 01:20:51]} {[%emt 00:01:04]} O-O {[%clk
00:55:35]} {[%emt 00:00:50]} 19. Nf3 {[%clk 01:20:05]} {[%emt 00:01:14]} Qc7
{[%clk 00:44:52]} {[%emt 00:11:14]} 20. Bc3 {[%clk 01:18:34]} {[%emt 00:02:01]}
Nd7 {[%clk 00:35:24]} {[%emt 00:09:59]} 21. Qd4 {[%clk 01:18:26]} {[%emt
00:00:38]} Nf6 {[%clk 00:29:53]} {[%emt 00:06:01]} 22. Nh4 {[%clk 01:16:46]}
{[%emt 00:02:09]} Rac8 {[%clk 00:23:56]} {[%emt 00:06:28]} 23. Nxg6 {[%clk
01:14:52]} {[%emt 00:02:23]} hxg6 {[%clk 00:24:15]} {[%emt 00:00:11]} 24. Re3
{[%clk 01:14:52]} {[%emt 00:00:30]} Rfd8 {[%clk 00:19:25]} {[%emt 00:05:21]}
25. Rae1 {[%clk 01:12:46]} {[%emt 00:02:34]} Qc4 {[%clk 00:17:34]} {[%emt
00:02:21]} 26. Qe5 {[%clk 01:11:14]} {[%emt 00:02:00]} d4 {[%clk 00:16:27]}
{[%emt 00:01:39]} 27. Bxd4 {[%clk 01:10:46]} {[%emt 00:00:57]} Qxd4 {[%clk
00:16:43]} {[%emt 00:00:15]} 28. Qxa5 {[%clk 01:11:00]} {[%emt 00:00:15]} Ng4
{[%clk 00:16:00]} {[%emt 00:01:13]} 29. Rf3 {[%clk 01:10:53]} {[%emt 00:00:36]}
Qd2 {[%clk 00:16:16]} {[%emt 00:00:15]} 30. Qxd2 {[%clk 01:10:57]} {[%emt
00:00:26]} Rxd2 {[%clk 00:16:41]} {[%emt 00:00:05]} 31. h3 {[%clk 01:11:09]}
{[%emt 00:00:17]} Nf6 {[%clk 00:16:55]} {[%emt 00:00:17]} 32. Re5 {[%clk
01:11:02]} {[%emt 00:00:37]} Rcxc2 {[%clk 00:17:05]} {[%emt 00:00:19]} 33. Rf4
{[%clk 01:11:02]} {[%emt 00:00:30]} Rxb2 {[%clk 00:16:21]} {[%emt 00:01:14]}
34. Rh4 {[%clk 01:11:21]} {[%emt 00:00:11]} g5 {[%clk 00:16:31]} {[%emt
00:00:21]} 35. Rxg5 {[%clk 01:11:39]} {[%emt 00:00:12]} Rxa2 {[%clk 00:16:37]}
{[%emt 00:00:23]} 36. Rc5 {[%clk 01:12:07]} {[%emt 00:00:03]} Rac2 {[%emt
00:00:54]} 37. Ra5 {[%clk 01:12:23]} Rc8 {[%clk 00:16:45]} {[%emt 00:00:12]}
38. g3 {[%clk 01:12:31]} {[%emt 00:00:21]} Kf8 {[%clk 00:16:55]} {[%emt
00:00:21]} 39. Ra7 {[%clk 01:12:49]} {[%emt 00:00:13]} Rd7 {[%clk 00:17:09]}
{[%emt 00:00:16]} 40. Kg2 {[%clk 01:13:08]} {[%emt 00:00:11]} Ke7 {[%clk
00:17:22]} {[%emt 00:00:17]} 41. Rb4 {[%clk 01:13:22]} {[%emt 00:00:15]} Rb8
{[%clk 00:17:31]} {[%emt 00:00:20]} 42. g4 {[%clk 01:13:44]} {[%emt 00:00:09]}
Nd5 {[%clk 00:17:39]} {[%emt 00:00:23]} 43. Rb3 {[%clk 01:13:53]} {[%emt
00:00:21]} b5 {[%clk 00:17:52]} {[%emt 00:00:17]} 44. Ra6 {[%clk 01:14:15]}
{[%emt 00:00:08]} b4 {[%clk 00:17:41]} {[%emt 00:00:41]} 45. Kg3 {[%clk
01:14:33]} {[%emt 00:00:11]} Nc3 {[%clk 00:17:51]} {[%emt 00:00:20]} 46. f3
{[%clk 01:14:48]} {[%emt 00:00:16]} Kf6 {[%clk 00:17:55]} {[%emt 00:00:27]} 47.
h4 {[%clk 01:14:55]} {[%emt 00:00:23]} Rd3 {[%clk 00:17:50]} {[%emt 00:00:35]}
48. Rb2 {[%clk 01:15:12]} {[%emt 00:00:13]} b3 {[%clk 00:17:34]} {[%emt
00:00:47]} 49. Ra7 {[%clk 01:15:35]} {[%emt 00:00:06]} Nd1 {[%clk 00:16:30]}
{[%emt 00:01:33]} 50. Re2 {[%clk 01:15:43]} {[%emt 00:00:21]} b2 {[%clk
00:16:26]} {[%emt 00:00:35]} 51. g5+ {[%clk 01:15:57]} {[%emt 00:00:16]} Kg6
{[%clk 00:16:46]} {[%emt 00:00:10]} 52. Kg4 {[%clk 01:15:59]} {[%emt 00:00:27]}
Ne3+ {[%clk 00:15:47]} {[%emt 00:01:30]} 53. Rxe3 {[%clk 01:16:07]} {[%emt
00:00:22]} Rxe3 {[%clk 00:16:06]} {[%emt 00:00:12]} 54. h5+ {[%clk 01:16:33]}
{[%emt 00:00:04]} Kh7 {[%clk 00:16:26]} {[%emt 00:00:10]} 55. Rxf7 {[%clk
01:16:57]} {[%emt 00:00:06]} b1=Q {[%emt 00:00:44]} 56. g6+ {[%emt 00:00:16]}
Kg8 {[%clk 00:15:42]} {[%emt 00:00:15]} 57. Rxg7+ {[%clk 01:17:01]} {[%emt
00:00:25]} Kxg7 {[%clk 00:16:03]} {[%emt 00:00:09]} 58. h6+ {[%clk 01:17:26]}
{[%emt 00:00:05]} Kxg6 {[%clk 00:16:25]} {[%emt 00:00:07]} 59. f4 {[%clk
01:17:51]} {[%emt 00:00:05]} Qg1+ {[%clk 00:16:31]} {[%emt 00:00:24]} 60. Kh4
{[%clk 01:18:08]} {[%emt 00:00:13]} Qg3# {[%clk 00:16:16]} {[%emt 00:00:03]}
0-1